000 00776nam0a22002411 4500
001 rc\969005
005 20250622061953.0
035 _a(NLR Aleph) 006138075
090 _a5632160
_c5632160
100 _a20041129d1982 |||y0rusy50 ca
101 0 _arus
102 _aRU
105 _ay |||||||||
200 1 _aКомплексный анализ материального стимулирования труда
210 _aВоронеж
_cИзд-во Воронеж. ун-та
_d1982
215 _a153 с.
_d20
320 _aБиблиогр. в примеч.: с. 148-152
700 1 _aГиляровская
_bЛ.Т.
_gЛилия Тимофеевна
801 0 _aRU
_bNLR
_gpsbo
801 1 _aRU
_bELAR
_2rusmarc
852 _aNLR
_j82-3/10614
942 _cBOOK
980 _aNB